| 000 | 00902cam a22003011 4500 | ||
|---|---|---|---|
| 001 | 9109 | ||
| 003 | BD-RjUL | ||
| 005 | 20211208234722.0 | ||
| 008 | 140120s1963 enka 000 0ceng | ||
| 035 | _a(BD-RjUL) 9154 | ||
| 040 |
_aDLC/ICU _cICU _dDLC _dBD-RjUL _beng |
||
| 041 | _aeng | ||
| 082 | 0 | 0 |
_a540.79 _220 _bFAN 1963 |
| 100 | 1 |
_aFarber, Eduard, _d1892- _928277 |
|
| 245 | 1 | 0 |
_aNobel prize winners in chemistry, 1901-1961 / _cby Eduard Farber. |
| 250 | _aRev. ed. | ||
| 260 |
_aLondon, _aNew York : _bAbelard-Schuman, _c[1963] |
||
| 300 |
_avii, 341 p. : _billus. ; _c23 cm. |
||
| 490 | 1 |
_aThe Life of science library, _vno. 41 |
|
| 650 | 0 |
_aChemists. _928278 |
|
| 650 | 0 |
_aNobel Prizes. _910828 |
|
| 650 | 0 |
_aNobel Prize winners. _928279 |
|
| 830 | 0 |
_vno. 41. _928506 |
|
| 830 | 0 |
_aLife of science library ; _928507 |
|
| 942 |
_2ddc _cBK |
||
| 999 |
_c9109 _d9109 |
||